000 00357nam a2200157Ia 4500
008 151213s9999 xx 000 0 und d
100 _aSylvia & Moder
245 _aBiology
_cSylvia & Moder
250 _a5th
260 _aBoston
_bMcGraw hill
300 _a1386 p.
650 _aBiology
650 _aBiology
700 _aSylvia & Moder
999 _c1108
_d1108